Catálogo público

Agua y pueblos indígenas de México / (Record no. 220169)

MARC details
000 -CABECERA
campo de control de longitud fija 02192nam a22002897a 4500
003 - IDENTIFICADOR DEL NÚMERO DE CONTROL
campo de control OSt
005 - FECHA Y HORA DE LA ÚLTIMA TRANSACCIÓN
campo de control 20240917115158.0
008 - DATOS DE LONGITUD FIJA--INFORMACIÓN GENERAL
campo de control de longitud fija 240917s2024 mx adb|f |||| 001 0 spa d
020 ## - NÚMERO INTERNACIONAL ESTÁNDAR DEL LIBRO
Número Internacional Estándar del Libro 9786071206572
040 ## - FUENTE DE LA CATALOGACIÓN
Centro catalogador/agencia de origen CHAP
Centro/agencia transcriptor CHAP
Normas de descripción rda
082 00 - NÚMERO DE LA CLASIFICACIÓN DECIMAL DEWEY
Número de edición 22
Número de clasificación 363.610972
Número de documento/Ítem V71
100 1# - ENTRADA PRINCIPAL--NOMBRE DE PERSONA
Nombre de persona Villagómez Velázquez, Yanga
9 (RLIN) 189615
245 10 - MENCIÓN DE TÍTULO
Título Agua y pueblos indígenas de México /
Mención de responsabilidad, etc. por Yanga Villagómez Velázquez y Emanuel Gómez Martínez
250 ## - MENCIÓN DE EDICIÓN
Mención de edición Primera edición
264 #1 - PRODUCCIÓN, PUBLICACIÓN, DISTRIBUCIÓN, FABRICACIÓN Y COPYRIGHT
Producción, publicación, distribución, fabricación y copyright México:
Nombre del de productor, editor, distribuidor, fabricante Universidad Autónoma Chapingo,
Fecha de producción, publicación, distribución, fabricación o copyright 2024.
300 ## - DESCRIPCIÓN FÍSICA
Extensión 193 páginas
Otras características físicas Ilustraciones, cuadros, gráficas, mapas
336 ## - TIPO DE CONTENIDO
Fuente rdacontent
Término de tipo de contenido texto
Código de tipo de contenido txt
337 ## - TIPO DE MEDIO
Fuente rdamedia
Nombre/término del tipo de medio sin medio
Código del tipo de medio n
338 ## - TIPO DE SOPORTE
Fuente rdacarrier
Nombre/término del tipo de soporte volumen
Código del tipo de soporte nc
504 ## - NOTA DE BIBLIOGRAFÍA, ETC.
Nota de bibliografía, etc. Incluye índice y biliografía
520 ## - SUMARIO, ETC.
Sumario, etc. ¿Cómo es la relación entre los pueblos indígenas de México y el agua? ¿que hay detrás? Para responder estas preguntas se cruzaron dos tipos de fuentes; la información socio-antropológica generada por Instituciones especializadas en estudios de los pueblos indígenas de México, como son INPI, Inali, Ciesas, entre otras; y la información de las Regiones y Cuencas Hidrológicas generadas por Conagua. Pese al reconocimiento jurídico del agua como un derecho humano, aún debe conocerse a fondo la perspectiva de los pueblos indígenas, para comprender los derechos económicos, sociales, culturales y ambientales de esta importante sector de la población, y los procesos de conflicto en las regiones y territorios en los que están presentes desde hace siglos, incluso milenios aunque parezca exagerado, Este libro es un esfuerzo por comprender y abordar los desafíos hídricos de México, con el objetivo de incidir en la elaboración de políticas hídricas inclusivas, integrales y respetuosas con la diversidad cultural, garantizando el acceso equitativo de la población al agua, con énfasis en la demanda específica y particular de los pueblos indígenas.
650 #4 - PUNTO DE ACCESO ADICIONAL DE MATERIA--TÉRMINO DE MATERIA
Término de materia o nombre geográfico como elemento de entrada Agua
Subdivisión general Abastecimiento rural
9 (RLIN) 2277
650 #4 - PUNTO DE ACCESO ADICIONAL DE MATERIA--TÉRMINO DE MATERIA
Término de materia o nombre geográfico como elemento de entrada Agua abastecimiento
Subdivisión general Política gubernamental
9 (RLIN) 136832
650 #4 - PUNTO DE ACCESO ADICIONAL DE MATERIA--TÉRMINO DE MATERIA
Término de materia o nombre geográfico como elemento de entrada Política de aguas
9 (RLIN) 161383
700 1# - PUNTO DE ACCESO ADICIONAL--NOMBRE DE PERSONA
Nombre de persona Gómez Martínez, Emanuel
9 (RLIN) 186058
942 ## - ELEMENTOS DE PUNTO DE ACCESO ADICIONAL (KOHA)
Fuente del sistema de clasificación o colocación Dewey Decimal Classification
Tipo de ítem Koha Libro
Holdings
Estado de retiro Estado de pérdida Fuente del sistema de clasificación o colocación Estado dañado Restricciones de uso No para préstamo Código de colección Localización permanente Ubicación/localización actual Ubicación en estantería Fecha de adquisición Total de préstamos Signatura topográfica completa Código de barras Fecha visto por última vez Precio válido a partir de Tipo de ítem Koha Fecha del último préstamo Número de copia
    Dewey Decimal Classification   Préstamo interno   Publicaciones UACh Biblioteca Central Biblioteca Central Planta alta - Área de Tesis - UACh 17/09/2024   363.610972 V71 33724002590755 17/09/2024 17/09/2024 Libro    
    Dewey Decimal Classification   Préstamo 15 días   General Biblioteca Central Biblioteca Central Planta alta - Colección General 17/09/2024 1 363.610972 V71 33724002590716 20/04/2026 17/09/2024 Libro 06/04/2026 c.2